|
LDR
| 02152nam a2200493 i 4500 |
|---|
| 001 | 58695 |
|---|
| 003 | CZ-PrJAB |
|---|
| 005 | 20250512083928.0 |
|---|
| 007 | ta |
|---|
| 008 | 250506s2025 xr e cze |
|---|
| 020 | | . |
‡q(Brožováno) |
|---|
| 022 | | . |
‡a1802-8349 |
|---|
| 035 | | . |
‡a(CZ PlERL)000975490 |
|---|
| 040 | | . |
‡aPNA001
‡bcze
‡erda |
|---|
| 043 | | . |
‡ae-xr--- |
|---|
| 072 | | 7. |
‡a364.3
‡xSociální pojištění. Zdravotní pojištění. Důchody
‡2Konspekt
‡918 |
|---|
| 080 | | . |
‡a364.3-64
‡2MRF |
|---|
| 080 | | . |
‡a364.35/.37
‡2MRF |
|---|
| 080 | | . |
‡a(437.3)
‡2MRF |
|---|
| 080 | | . |
‡a(094.5)
‡2MRF |
|---|
| 110 | 1 | . |
‡aČesko
‡7ge128065
‡4aut |
|---|
| 245 | 1 | 0. |
‡aZákony III. 2025 :
‡búplné znění.
‡nAktualizace III/2, IV/2025 |
|---|
| 246 | 3 | . |
‡aAktualizace k zákonům III/2, IV/2025 |
|---|
| 246 | 3 | 0. |
‡aAktualizace III/2, IV/2025 |
|---|
| 246 | 3 | 3. |
‡aAktualizace k zákonům III/2, III/2025 |
|---|
| 246 | 3 | 3. |
‡aZákon o státní sociální podpoře, Zákon o důchodovém pojištění |
|---|
| 246 | 1 | 8. |
‡aZákon o státní sociální podpoře |
|---|
| 264 | | 1. |
‡aČeský Těšín :
‡bPoradce, s.r.o.,
‡c2025 |
|---|
| 300 | | . |
‡a120 stran ;
‡c21 cm |
|---|
| 336 | | . |
‡atext
‡btxt
‡2rdacontent |
|---|
| 337 | | . |
‡abez média
‡bn
‡2rdamedia |
|---|
| 338 | | . |
‡asvazek
‡bnc
‡2rdacarrier |
|---|
| 500 | | . |
‡aNázev z obálky |
|---|
| 504 | | . |
‡aObsahuje bibliografické odkazy |
|---|
| 505 | 2 | 0. |
‡tZákon č. 117/1995 Sb., o státní sociální podpoře --
‡tZákon č. 155/1995 Sb., o důchodovém pojištění |
|---|
| 650 | 0 | 7. |
‡astátní sociální podpora
‡7ph126192
‡zČesko
‡2czenas |
|---|
| 650 | 0 | 7. |
‡adůchodové pojištění
‡7ph114412
‡zČesko
‡2czenas |
|---|
| 655 | | 7. |
‡azákony
‡2czenas
‡7fd133886 |
|---|
| 710 | 1 | 2. |
‡aČesko.
‡tZákon o státní sociální podpoře (1995, novela 2025) |
|---|
| 710 | 1 | 2. |
‡aČesko.
‡tZákon o důchodovém pojištění (1995, novela 2025) |
|---|
| 740 | 0 | 2. |
‡aZákon o státní sociální podpoře |
|---|
| 740 | 0 | 2. |
‡aZákon o důchodovém pojištění |
|---|
| 740 | 0 | 2. |
‡aUpozornění na změnu: zákona o zaměstnanosti, o organizaci a provádění sociálního zabezpečení, o nemocenském pojištění, o pojistném na sociální zabezpečení, o veřejném zdravotním pojištění, o pojistném na veřejné zdravotní pojištění, o sociálních službách |
|---|
| 910 | | . |
‡aABG312 |
|---|
| 995 | | . |
‡aska |
|---|
| 990 | | . |
‡aBK |
|---|
| 901 | | . |
‡a58695
‡bAUTOGEN
‡c58695
‡tbiblio |
|---|